[Event "Canada vs. Ukraine"]
[Site "CCCA"]
[Date "2017.11.14"]
[Round "1"]
[White "Green, Peter"]
[Black "Babychuk, Vladimir"]
[Result "1/2-1/2"]
[WhiteElo "2145"]
[BlackElo "2200"]
[EventDate "2017.11.14"]
[Board "9"]
[WhiteTeam "Canada"]
[BlackTeam "Ukraine"]

1.Nf3 Nf6 2.c4 c5 3.Nc3 Nc6 4.g3 g6 5.Bg2 Bg7 6.O-O d6 7.d4 cxd4 8.Nxd4 
Nxd4 9.Qxd4 O-O 10.Qd3 Bf5 11.e4 Be6 12.Bd2 Ng4 13.b3 Ne5 14.Qe2 Bg4 15.f3
Bd7 16.Rac1 Nc6 17.Be3 Qa5 18.Qd2 Rac8 19.f4 Rfd8 20.Rf2 b6 21.Nb5 Nb4 22.
a3 Nc6 23.Qxa5 bxa5 24.Nxa7 Nxa7 25.Bxa7 Ra8 26.Be3 Rab8 27.Rb1 Be6 28.Bf1
f5 29.e5 dxe5 30.b4 exf4 31.Rxf4 g5 32.Rf2 f4 33.gxf4 Bf5 34.Rc1 axb4 35.
axb4 Rxb4 36.fxg5 e6 37.c5 Be5 38.c6 Kg7 39.Bc5 Rg4+ 40.Rg2 Rxg2+ 41.Bxg2 
Bc7 42.Bf2 Rd3 43.Bg3 Bxg3 44.hxg3 Rxg3 45.c7 e5 46.Kf2 Rxg5 47.c8=Q Bxc8 
48.Rxc8 h5 49.Bh3 Kf7 50.Kf3 Rg6 51.Bf5 Rh6 52.Ke4 h4 53.Bh3 Rh5 54.Rc2 
Kf6 55.Rf2+ Ke7 56.Rf5 Rxf5 1/2-1/2

[Event "Canada vs. Ukraine"]
[Site "CCCA"]
[Date "2017.11.14"]
[Round "2"]
[White "Zelenyuk, Oleg"]
[Black "Sharpe, Sam"]
[Result "1/2-1/2"]
[WhiteElo "2359"]
[BlackElo "2329"]
[EventDate "2017.11.14"]
[Board "1"]
[WhiteTeam "Ukraine"]
[BlackTeam "Canada"]

1.e4 c6 2.d4 d5 3.e5 Bf5 4.Nf3 e6 5.Be2 c5 6.Be3 cxd4 7.Nxd4 Ne7 8.Nd2 
Nbc6 9.N2f3 Be4 10.O-O Ng6 11.Bb5 Bxf3 12.Qxf3 Nxe5 13.Qh5 Qd7 14.Rae1 Bd6
15.Bf4 Ng6 16.Bxd6 Qxd6 17.Nf5 Qf8 18.Qe2 Kd8 19.Bxc6 bxc6 20.Nd4 Rc8 21.
c4 Qd6 22.f4 Re8 23.f5 Nf4 24.Qe3 e5 25.Rxf4 Qd7 26.Rff1 exd4 27.Qxd4 f6 
28.b4 Rc7 29.Qg4 Rb7 30.a3 Qd6 31.c5 Qb8 32.Rxe8+ Kxe8 33.Qh5+ Kf8 34.Qxh7
Qe5 35.h3 Rb8 36.Qh8+ Kf7 37.Qh5+ 1/2-1/2

[Event "Canada vs. Ukraine"]
[Site "CCCA"]
[Date "2017.11.14"]
[Round "1"]
[White "Sharpe, Sam"]
[Black "Zelenyuk, Oleg"]
[Result "1/2-1/2"]
[WhiteElo "2329"]
[BlackElo "2359"]
[EventDate "2017.11.14"]
[Board "1"]
[WhiteTeam "Canada"]
[BlackTeam "Ukraine"]

1.d4 Nf6 2.c4 e6 3.Nc3 Bb4 4.e3 O-O 5.Ne2 d5 6.a3 Be7 7.cxd5 exd5 8.Nf4 c6
9.Bd3 Re8 10.O-O Nbd7 11.f3 Nf8 12.Bc2 Ne6 13.e4 dxe4 14.Nxe6 Bxe6 15.fxe4
Bg4 16.Qd3 Bh5 17.e5 Bg6 18.Qd2 Nd5 19.Bxg6 hxg6 20.Qf2 Rf8 21.Bd2 Qd7 22.
Rae1 Rad8 23.Qe2 f5 24.Qf3 Qe6 25.Qg3 c5 26.dxc5 Bxc5+ 27.Kh1 Nxc3 28.Bxc3
Rd7 29.Rd1 Rfd8 30.Rxd7 Rxd7 31.Re1 1/2-1/2